[Event "ESTCC U50 2018"]
[Site "Walbrzych"]
[Date "2018.04.16"]
[Round "3"]
[White "Robertson, Ian C"]
[Black "Roth, Martin"]
[Result "1/2-1/2"]
[WhiteElo "2038"]
[BlackElo "2141"]
[Annotator "TA"]
[PlyCount "56"]
[EventDate "2018.??.??"]
[EventCountry "POL"]
[SourceTitle "playchess.com"]
[Source "ChessBase"]
[SourceQuality "1"]
[WhiteTeam "Scotland"]
[BlackTeam "Germany"]
[WhiteTeamCountry "SCO"]
[BlackTeamCountry "GER"]

{[%evp 13,56,73,74,53,56,54,66,25,42,31,151,143,182,156,154,115,177,170,149,123,178,143,154,134,126,91,97,84,79,79,98,97,83,81,133,141,172,124,135,115,124,0,87,0,119]} 1. e4 c5 2. Nc3 Nc6 3. f4 g6 4. Nf3 Bg7 5. Bb5 e6 6. Bxc6 bxc6 7. e5 d5 {LiveBook: 4 Games. B23: Closed Sicilian: Lines without g3} 8. exd6 Qxd6 9. d3 Nf6 {White is slightly better.} 10. Ne5 Rb8 $146 ({Predecessor:} 10... O-O 11. Be3 Rb8 12. Qf3 Nd5 13. Ne4 Qc7 14. Bxc5 Rd8 15. O-O {1-0 (47) Smolin,S (2261)-Gridnev,Y (2030) Yerevan 2016}) 11. Qf3 Bb7 (11... O-O $1 $14) 12. Be3 $16 Ba8 13. O-O O-O 14. Rab1 Rfd8 (14... Nd7 $16) 15. Na4 Rb5 16. b3 Nd7 (16... Nd5 $16 {was worth a try.}) 17. Nxd7 Rxd7 18. c4 Ra5 19. Rbd1 Bd4 20. Kh1 Bb7 21. h3 Qe7 22. Bd2 {[%cal Be3d2,Bd2e1,Be1f2][%mdl 32]} Ra6 23. Rfe1 Qf6 (23... Bc8 $142) 24. Re4 Rd8 25. Be1 Bc8 26. Bf2 Ra5 27. Be1 Ra6 28. Bf2 Ra5 $1 {Precision: White = 55%, Black = 22%.} 1/2-1/2

[Event "ESTCC U50 2018"]
[Site "Walbrzych"]
[Date "2018.04.16"]
[Round "3"]
[White "Wielosz, Jaroslaw"]
[Black "Deleyn, Gunter"]
[Result "0-1"]
[WhiteElo "2038"]
[BlackElo "2200"]
[Annotator "TA"]
[PlyCount "126"]
[EventDate "2018.??.??"]
[EventCountry "POL"]
[SourceTitle "playchess.com"]
[Source "ChessBase"]
[SourceQuality "1"]
[WhiteTeam "Poland"]
[BlackTeam "Belgium"]
[WhiteTeamCountry "POL"]
[BlackTeamCountry "BEL"]

{[%evp 28,126,45,43,67,32,32,33,34,25,56,56,59,57,75,68,62,52,91,108,97,97,120,87,150,129,140,0,81,0,141,148,125,139,127,112,119,21,47,39,39,19,39,47,62,41,73,0,0,0,0,0,0,0,0,-58,131,0,0,0,0,-185,-185,-177,-82,-598,-552,-29965,-158,-29966,-29969,-29968,-29970,-29970,-29971,-29970,-29972,-29972,-29973,-29973,-29973,-29973,-29974,-29974,-29974,-29975,-29976,-29976,-29977,-29979,-29980,-29980,-29980,-29981,-29982,-29981,-29982,-29982,-29983,-29983,-29984]} 1. c4 Nf6 2. Nc3 c5 3. Nf3 b6 4. d4 cxd4 5. Nxd4 Bb7 6. f3 a6 7. e4 d6 8. Be3 e6 9. Be2 Be7 10. Qd2 Qc7 11. O-O O-O 12. Rfd1 Nbd7 13. Rac1 Rad8 {A31: Symmetrical English: 2 Nf3 Nf6 3 d4} (13... Rfc8 14. b4 Rab8 15. a3 Ne5 16. Na4 h6 17. Bf1 Qd8 18. Kh1 Nfd7 19. Qf2 Bh4 20. Qd2 Be7 21. Qf2 {1-0 (44) Karjakin,S (2753)-Yu,Y (2736) Heixiazi 2015}) 14. Bf1 Rfe8 15. Qf2 {LiveBook: 3 Games} Bf8 {White is slightly better.} 16. Kh1 Qb8 17. a3 Rc8 18. b4 Ba8 19. Nb3 Be7 $146 ({Predecessor:} 19... Qb7 20. Na4 Rb8 21. Bf4 {1-0 (30) Ruiz Aguilar,P (2290)-Navarro,R (2107) San Cristobal 2012}) 20. Bd4 g6 21. Na4 {[%cal Ra4b6]} Bd8 22. Nb2 d5 {[#]} 23. exd5 $1 exd5 {[#]} 24. c5 $1 a5 25. Ba6 Bb7 (25... Rc7 $142) 26. Bb5 $16 {Black must now prevent c6.} Bc6 27. Ba6 ({White has to play} 27. Bxc6 Rxc6 28. b5 Rxc5 29. Nxc5 (29. Bxc5 bxc5 30. Nxc5 Qxb5 $16) 29... bxc5 30. Bxc5) 27... Bb7 28. Bb5 (28. Bxb7 $142 Qxb7 29. Qd2) 28... Bc6 29. Bxc6 Rxc6 30. b5 Rce6 31. c6 Ne5 32. Bxe5 (32. Nd2 $16) 32... Qxe5 33. Nd4 R6e7 34. Nd3 Qd6 35. a4 Bc7 {[%csl Gc7][%cal Rd6h2]} 36. g3 $36 {[%mdl 2048] Black is under pressure.} Re3 37. Nf4 ({White should play} 37. Rd2 $16) 37... Ra3 $11 38. Ra1 Qb4 39. Rxa3 Qxa3 40. Qc2 Re3 41. Rd3 (41. Nd3 $11) 41... Re1+ (41... Rxd3 $15 42. Qxd3 Qxa4) 42. Kg2 Qa1 $1 43. Qf2 Rb1 {[%cal Be1b1,Bb1b2,Bb2e2][%mdl 32]} 44. Nde2 $2 (44. Nb3 $11 {and White has nothing to worry.} Qxa4 45. Qc2) 44... Rb2 $19 {Strongly threatening ...Qa2.} 45. Kh3 Qa2 (45... Qxa4 $19 {Hoping for ...Bxf4.} 46. Qd4 Qxd4 47. Nxd4 Rb4) 46. Qd4 $2 {[%mdl 8192]} (46. Nc1 $17 Rxf2 47. Nxa2 Rxa2 48. Nxd5 Nxd5 49. Rxd5) 46... Rxe2 {[%csl Ga2][%cal Re2h2]} 47. Qxf6 Rxh2+ 48. Kg4 Qf2 {Black mates.} 49. Rxd5 h5+ 50. Rxh5 gxh5+ 51. Nxh5 {[#]} Rxh5 $1 52. Kxh5 Qxg3 53. Qf5 Qe5 54. Qxe5 Bxe5 {[%mdl 4096] Endgame KB-KP} 55. Kg5 Kf8 56. Kh6 Ke7 57. Kh7 f5 {[%cal Bf7f5,Bf5f4][%mdl 32]} 58. Kg8 f4 59. Kh7 Kd6 60. Kg6 Kc5 61. Kf5 Bb8 62. Ke6 Kb4 63. Kd7 Kxa4 {Precision: White = 47%, Black = 69%.} 0-1

[Event "ESTCC U50 2018"]
[Site "Walbrzych"]
[Date "2018.04.16"]
[Round "3"]
[White "Nuenchert, Eveline"]
[Black "Sazonova, Elena N"]
[Result "1/2-1/2"]
[WhiteElo "2033"]
[BlackElo "2139"]
[Annotator "TA"]
[PlyCount "37"]
[EventDate "2018.??.??"]
[EventCountry "POL"]
[SourceTitle "playchess.com"]
[Source "ChessBase"]
[SourceQuality "1"]
[WhiteTeam "Germany"]
[BlackTeam "Russia"]
[WhiteTeamCountry "GER"]
[BlackTeamCountry "RUS"]

{[%evp 22,37,27,22,49,53,47,43,50,43,43,34,61,65,59,37,67,3]} 1. e4 c5 2. Nf3 Nc6 3. d3 d5 4. Nbd2 g6 5. g3 Bg7 6. Bg2 Nf6 7. O-O dxe4 8. dxe4 O-O 9. c3 h6 10. Re1 Be6 11. Qe2 Qd7 12. Nc4 {LiveBook: 4 Games. A08: King's Indian Attack} b5 $146 ({Predecessor:} 12... Rad8 13. Bf4 Qc8 14. a4 b6 15. Rac1 Nd7 16. Red1 Qa6 17. Bf1 Qxa4 18. Ncd2 Na5 19. Qa6 Bg4 {0-1 (43) Carlstedt,J (2440)-Gauglitz,G (2389) Germany 2016}) 13. Nce5 {White is slightly better.} Nxe5 14. Nxe5 Qc7 15. f4 Rab8 16. Be3 c4 17. Qf2 a5 18. Bd4 Nd7 {[%cal Rd7e5]} 19. Nxd7 (19. Nf3 $1 $14) 1/2-1/2

[Event "ESTCC U50 2018"]
[Site "Walbrzych"]
[Date "2018.04.16"]
[Round "3"]
[White "Czyz, Andrzej"]
[Black "Van de Wynkele, Herman"]
[Result "1/2-1/2"]
[WhiteElo "1999"]
[BlackElo "2048"]
[Annotator "NA RC"]
[PlyCount "166"]
[EventDate "2018.??.??"]
[EventCountry "POL"]
[SourceTitle "playchess.com"]
[Source "ChessBase"]
[SourceQuality "1"]
[WhiteTeam "Poland"]
[BlackTeam "Belgium"]
[WhiteTeamCountry "POL"]
[BlackTeamCountry "BEL"]
[TimeControl "40/5400+30:1800+30"]

1. b4 {[%emt 0:00:00]} a5 {[%emt 0:00:33]} 2. b5 {[%emt 0:00:39]} c5 {[%emt 0:00:57]} 3. a4 {[%emt 0:00:45]} d5 {[%emt 0:00:56]} 4. e3 {[%emt 0:01:36]} e5 {[%emt 0:02:18]} 5. Bb2 {[%emt 0:01:22]} Nd7 {[%emt 0:00:41]} 6. d4 {[%emt 0:04:32]} exd4 {[%emt 0:00:59]} 7. exd4 {[%emt 0:01:03]} c4 {[%emt 0:00:22]} 8. Be2 {[%emt 0:01:12]} Bd6 {[%emt 0:02:06]} 9. Ba3 {[%emt 0:02:38]} Qe7 {[%emt 0:01:17]} 10. Bxd6 {[%emt 0:00:58]} Qxd6 {[%emt 0:00:02]} 11. Bf3 {[%emt 0:00:31]} Ne7 {[%emt 0:02:14]} 12. Ne2 {[%emt 0:01:12]} O-O {[%emt 0:00:22]} 13. O-O {[%emt 0:00:34]} Nf6 {[%emt 0:00:53]} 14. Nbc3 {[%emt 0:01:30]} b6 {[%emt 0:10:34]} 15. Re1 {[%emt 0:03:57]} Re8 {[%emt 0:02:51]} 16. Ng3 {[%emt 0:02:21]} Bd7 {[%emt 0:01:07]} 17. Re5 {[%emt 0:03:45]} Be6 {[%emt 0:03:39]} 18. Qd2 {[%emt 0:02:53]} Ng6 {[%emt 0:08:22]} 19. Rae1 {[%emt 0:01:10]} Qd7 {[%emt 0:01:47]} 20. R5e2 {[%emt 0:08:10]} Kf8 {[%emt 0:00:53]} 21. Nh5 {[%emt 0:08:07]} Nxh5 {[%emt 0:18:08]} 22. Bxh5 $11 {[%emt 0:02:08]} Qd6 {[%emt 0:01:07]} 23. g3 {[%emt 0:05:05]} f6 {[%emt 0:04:23]} 24. Bf3 {[%emt 0:02:46]} Bf7 {[%emt 0:01:59]} 25. h4 {[%emt 0:06:22]} Rxe2 {[%emt 0:00:15]} 26. Rxe2 {[%emt 0:00:06]} Re8 {[%emt 0:00:21]} 27. Rxe8+ {[%emt 0:01:14]} Kxe8 {[%emt 0:00:13]} 28. Qe3+ {[%emt 0:06:46]} Ne7 {[%emt 0:00:29]} 29. Kh2 {[%emt 0:01:59]} Kf8 {[%emt 0:00:30]} 30. Kg2 {[%emt 0:02:02]} Bg6 {[%emt 0:04:49]} 31. Qe2 Bf5 32. g4 {[%emt 0:05:34]} Be6 {[%emt 0:00:47]} 33. Qe3 {[%emt 0:00:37]} Ng6 {[%emt 0:07:11]} 34. h5 {[%emt 0:02:14]} Nf4+ {[%emt 0:05:47]} 35. Kf1 {[%emt 0:02:55]} f5 {[%emt 0:03:25]} 36. g5 {[%emt 0:01:12]} Bf7 {[%emt 0:00:59]} 37. Ke1 {[%emt 0:08:17]} Bxh5 {[%emt 0:02:27]} 38. Kd2 {[%emt 0:00:04]} Bf7 {[%emt 0:01:01]} 39. Bh1 {[%emt 0:01:40]} Ng6 {[%emt 0:01:23]} 40. Qf3 {[%emt 0:01:57]} Ne7 {[%emt 0:32:32]} 41. Qh3 {[%emt 0:03:52]} h6 {[%emt 0:00:00]} 42. gxh6 {[%emt 0:00:45]} Qxh6+ {[%emt 0:00:00]} 43. Qxh6 {[%emt 0:00:01]} gxh6 {[%emt 0:00:00]} 44. Ke3 {[%emt 0:01:53]} Kg7 {[%emt 0:00:00]} 45. Kf4 {[%emt 0:00:53]} Kf6 {[%emt 0:00:00]} 46. Kg3 Kg5 47. f4+ {[%emt 0:04:05]} Kf6 {[%emt 0:00:00]} 48. Nd1 {[%emt 0:01:37]} Ke6 {[%emt 0:00:00]} 49. Ne3 {[%emt 0:00:14]} Kd6 {[%emt 0:00:00]} 50. c3 {[%emt 0:02:14]} Be6 {[%emt 0:00:00]} 51. Bg2 {[%emt 0:00:46]} Bf7 {[%emt 0:00:00]} 52. Bh3 {[%emt 0:00:52]} Ke6 {[%emt 0:00:00]} 53. Bg2 {[%emt 0:00:04]} Kf6 {[%emt 0:00:00]} 54. Bf3 {[%emt 0:00:25]} Ke6 {[%emt 0:00:00]} 55. Bg2 {[%emt 0:01:08]} Bh5 {[%emt 0:00:00]} 56. Bf1 {[%emt 0:01:32]} Ng8 {[%emt 0:00:00]} 57. Bh3 {[%emt 0:00:11]} Bg6 {[%emt 0:00:00]} 58. Bf1 {[%emt 0:02:47]} Nf6 {[%emt 0:00:00]} 59. Bg2 {[%emt 0:00:03]} Bh5 {[%emt 0:00:00]} 60. Kh4 {[%emt 0:02:06]} Be2 {[%emt 0:00:00]} 61. Bh3 {[%emt 0:01:39]} Bd3 {[%emt 0:00:00]} 62. Bg2 {[%emt 0:00:36]} Be4 {[%emt 0:00:00]} 63. Bh3 {[%emt 0:00:14]} Bd3 {[%emt 0:00:00]} 64. Bg2 {[%emt 0:01:44]} Be2 {[%emt 0:00:00]} 65. Bh3 {[%emt 0:00:15]} Bg4 {[%emt 0:00:00]} 66. Bxg4 {[%emt 0:03:53]} Nxg4 {[%emt 0:00:00]} 67. Nxg4 {[%emt 0:00:05]} fxg4 {[%emt 0:00:01]} 68. Kxg4 {[%emt 0:00:17]} Kf6 {[%emt 0:00:08]} 69. Kh5 {[%emt 0:02:13]} Kf5 {[%emt 0:00:06]} 70. Kxh6 {[%emt 0:00:06]} Kxf4 {[%emt 0:00:05]} 71. Kg6 {[%emt 0:00:07]} Ke4 {[%emt 0:00:08]} 72. Kf6 {[%emt 0:00:02]} Kd3 {[%emt 0:00:07]} 73. Ke5 {[%emt 0:00:08]} Kxc3 {[%emt 0:00:06]} 74. Kxd5 {[%emt 0:00:15]} Kb4 {[%emt 0:00:43]} 75. Kc6 {[%emt 0:00:38]} c3 {[%emt 0:00:06]} 76. Kxb6 {[%emt 0:00:19]} c2 {[%emt 0:00:07]} 77. Ka7 {[%emt 0:00:32]} c1=Q {[%emt 0:00:37]} 78. b6 {[%emt 0:00:06]} Qc4 {[%emt 0:00:31]} 79. b7 {[%emt 0:00:34]} Qxd4+ {[%emt 0:00:06]} 80. Ka8 {[%emt 0:00:17]} Qd5 {[%emt 0:00:35]} 81. Ka7 {[%emt 0:00:03]} Qxb7+ {[%emt 0:01:35]} 82. Kxb7 {[%emt 0:00:03]} Kxa4 {[%emt 0:00:05]} 83. Kb6 {[%emt 0:00:14]} Kb4 {[%emt 0:00:02]} 1/2-1/2

[Event "ESTCC U50 2018"]
[Site "Walbrzych"]
[Date "2018.04.16"]
[Round "3"]
[White "Pietinen, Pekka"]
[Black "Laszewicz, Pawel"]
[Result "0-1"]
[WhiteElo "1983"]
[BlackElo "2110"]
[Annotator "NA"]
[PlyCount "48"]
[EventDate "2018.??.??"]
[EventCountry "POL"]
[SourceTitle "playchess.com"]
[Source "ChessBase"]
[SourceQuality "1"]
[WhiteTeam "Finland"]
[BlackTeam "Poland"]
[WhiteTeamCountry "FIN"]
[BlackTeamCountry "POL"]
[TimeControl "40/5400+30:1800+30"]

1. e4 {[%emt 0:01:16]} e5 {[%emt 0:00:12]} 2. Nf3 {[%emt 0:00:14]} Nc6 {[%emt 0:00:08]} 3. Bb5 {[%emt 0:00:13]} Nf6 {[%emt 0:00:51]} 4. O-O {[%emt 0:03:46]} Nxe4 {[%emt 0:00:41]} 5. Re1 {[%emt 0:03:47]} Nd6 {[%emt 0:01:02]} 6. Nxe5 {[%emt 0:00:59]} Nxe5 {[%emt 0:02:40]} 7. Rxe5+ {[%emt 0:00:05]} Be7 {[%emt 0:00:18]} 8. Bf1 {[%emt 0:00:26]} O-O {[%emt 0:00:29]} 9. Nc3 {[%emt 0:01:07]} Bf6 {[%emt 0:02:12]} 10. Re1 {[%emt 0:00:26]} c6 {[%emt 0:00:51]} 11. d3 {[%emt 0:04:22]} Nf5 {[%emt 0:04:01]} 12. Ne4 {[%emt 0:02:03]} Be7 {[%emt 0:01:31]} 13. Bf4 {[%emt 0:03:09]} d5 {[%emt 0:01:07]} 14. Ng3 {[%emt 0:00:24]} Nh4 {[%emt 0:05:11]} 15. Ne2 {[%emt 0:09:17]} Ng6 {[%emt 0:14:44]} 16. Bg3 {[%emt 0:02:14]} Qb6 {[%emt 0:17:22]} 17. Nf4 {[%emt 0:05:37]} Bc5 {[%emt 0:04:27]} 18. Nxg6 {[%emt 0:03:34]} fxg6 {[%emt 0:01:21]} 19. Rb1 {[%emt 0:00:43]} Bxf2+ {[%emt 0:01:51]} 20. Bxf2 {[%emt 0:01:08]} Qxf2+ {[%emt 0:00:38]} 21. Kh1 {[%emt 0:00:02]} Bd7 {[%emt 0:02:59]} 22. Re2 {[%emt 0:04:51]} Qf6 {[%emt 0:01:28]} 23. Rd2 {[%emt 0:00:19]} Qg5 {[%emt 0:06:43]} 24. d4 {[%emt 0:05:10]} Rxf1+ {[%emt 0:02:09]} 0-1

[Event "ESTCC U50 2018"]
[Site "Walbrzych"]
[Date "2018.04.16"]
[Round "3"]
[White "Ciuro Munoz, Ricardo"]
[Black "Reuben, Stewart"]
[Result "1/2-1/2"]
[WhiteElo "1972"]
[BlackElo "2026"]
[Annotator "NA RC"]
[PlyCount "160"]
[EventDate "2018.??.??"]
[EventCountry "POL"]
[SourceTitle "playchess.com"]
[Source "ChessBase"]
[SourceQuality "1"]
[WhiteTeam "Spain"]
[BlackTeam "England"]
[WhiteTeamCountry "ESP"]
[BlackTeamCountry "ENG"]
[TimeControl "40/5400+30:1800+30"]

1. e4 c5 2. Nf3 Nc6 3. d3 g6 4. g3 Bg7 5. Bg2 e6 6. O-O Nge7 7. Nbd2 O-O 8. a4 {A04: Unusual lines after 1 Nf3 and King's Indian Attack} d5 9. exd5 $146 ({Predecessor:} 9. Re1 b6 10. c3 Ba6 11. exd5 exd5 12. d4 cxd4 13. Nxd4 Nxd4 14. cxd4 Bxd4 {½-½ (29) Levitt,M (2290)-Psakhis,L (2590) Yerevan 1996}) 9... exd5 10. Re1 Nf5 11. Nb3 b6 12. Bg5 Bf6 13. Bxf6 Qxf6 14. c3 Be6 15. d4 c4 16. Nbd2 Rac8 17. Qe2 Rfe8 18. Ne5 Nxe5 19. Qxe5 Kg7 20. Qxf6+ Kxf6 21. Re5 Ne7 22. Rae1 Nc6 23. R5e3 Ne7 24. Nf3 Rb8 25. h4 h6 26. Ne5 b5 27. axb5 Rxb5 28. Ra1 a5 29. Re2 Reb8 30. Ra2 a4 31. Bf3 Ra5 32. Bg4 Rb6 33. Bxe6 Rxe6 34. Nd7+ Kf5 35. Rxe6 fxe6 36. Nc5 e5 37. Nb7 Ra7 38. Nd6+ Ke6 39. dxe5 Kxe5 40. Nb5 Ra5 41. Nd4 Kd6 42. f4 Nc6 43. Nc2 Kc5 44. Kf2 d4 45. cxd4+ Nxd4 46. Nxd4 Kxd4 47. Kf3 c3 48. bxc3+ Kxc3 49. g4 a3 50. Ke4 Kb3 51. Rf2 a2 52. Rf1 a1=Q 53. Rxa1 Rxa1 54. f5 gxf5+ 55. Kxf5 Kc4 56. g5 hxg5 57. hxg5 Kd5 58. Kf6 Rf1+ 59. Ke7 Ke5 60. g6 Rb1 61. g7 Rb7+ 62. Kf8 Kf6 63. g8=N+ Ke6 64. Nh6 Rh7 65. Ng8 Rf7+ 66. Ke8 Ra7 67. Kf8 $1 Kf5 68. Ne7+ Kf6 69. Ng8+ Ke6 70. Nh6 Rb7 71. Ng8 Rh7 72. Ke8 Rc7 73. Kf8 $1 Kf5 74. Ne7+ Ke6 75. Ng8 Rf7+ 76. Ke8 Ra7 77. Kf8 Kf5 78. Ne7+ Ke6 79. Ng8 $15 Rb7 80. Nh6 Rb5 1/2-1/2

[Event "ESTCC U50 2018"]
[Site "Walbrzych"]
[Date "2018.04.16"]
[Round "3"]
[White "Szmyd, Marek"]
[Black "Puroila, Sippo"]
[Result "1-0"]
[WhiteElo "1898"]
[BlackElo "1838"]
[Annotator "NA RC"]
[PlyCount "77"]
[EventDate "2018.??.??"]
[EventCountry "POL"]
[SourceTitle "playchess.com"]
[Source "ChessBase"]
[SourceQuality "1"]
[WhiteTeam "Poland"]
[BlackTeam "Finland"]
[WhiteTeamCountry "POL"]
[BlackTeamCountry "FIN"]
[TimeControl "40/5400+30:1800+30"]

1. b3 d5 2. Bb2 Bf5 3. e3 Nc6 4. Nf3 Qd6 5. Bb5 a6 6. Bxc6+ bxc6 7. O-O Nf6 8. h3 h5 9. Re1 h4 10. d3 Nd7 11. e4 dxe4 12. Nd4 Bg6 13. dxe4 e5 14. Nf3 Qxd1 15. Rxd1 Bxe4 16. Nxe5 Nxe5 17. Bxe5 Bxc2 18. Rd2 Bf5 19. Nc3 Rd8 20. Rad1 Rxd2 21. Rxd2 Bb4 22. Bxg7 Rg8 23. Bf6 Bd6 24. Kf1 Kd7 25. Bxh4 Kc8 26. g4 Bg6 27. Bf6 Bf4 28. Rd4 Bd6 29. Ne4 Ba3 30. Ra4 c5 31. f3 Bb4 32. a3 Bxe4 33. fxe4 Bd2 34. Rc4 Re8 35. Ke2 Re6 36. g5 Bf4 37. Kf3 Be5 38. Bxe5 Rh6 39. gxh6 1-0

[Event "ESTCC U50 2018"]
[Site "Walbrzych"]
[Date "2018.04.16"]
[Round "3"]
[White "Jones, Gareth"]
[Black "Ruiz Bellon, Manuel"]
[Result "1-0"]
[WhiteElo "1858"]
[BlackElo "1861"]
[Annotator "NA RC"]
[PlyCount "57"]
[EventDate "2018.??.??"]
[EventCountry "POL"]
[SourceTitle "playchess.com"]
[Source "ChessBase"]
[SourceQuality "1"]
[WhiteTeam "England"]
[BlackTeam "Spain"]
[WhiteTeamCountry "ENG"]
[BlackTeamCountry "ESP"]
[TimeControl "40/5400+30:1800+30"]

1. Nf3 {[%emt 0:00:00]} g6 {[%emt 0:00:12]} 2. g3 {[%emt 0:00:00]} Bg7 {[%emt 0:00:08]} 3. d4 {[%emt 0:00:06]} d5 {[%emt 0:00:53]} 4. Bg2 {[%emt 0:00:10]} Nf6 {[%emt 0:00:14]} 5. O-O {[%emt 0:00:08]} O-O {[%emt 0:00:05]} 6. c4 {[%emt 0:00:23]} c6 {[%emt 0:00:51]} 7. b3 {[%emt 0:00:47]} Bg4 {[%emt 0:05:31]} 8. Nbd2 {[%emt 0:02:27]} Qc8 {[%emt 0:01:27]} 9. Ba3 {[%emt 0:04:32]} Re8 {[%emt 0:04:10]} 10. Rc1 {[%emt 0:02:29]} Qe6 {[%emt 0:08:09]} 11. Re1 {[%emt 0:05:50]} Bh6 {[%emt 0:05:11]} 12. Ne5 {[%emt 0:03:49]} Bh3 {[%emt 0:02:00]} 13. Bf3 {[%emt 0:04:41]} Nbd7 {[%emt 0:02:25]} 14. Nxd7 {[%emt 0:07:27]} Qxd7 {[%emt 0:00:20]} 15. e3 {[%emt 0:04:41]} e5 {[%emt 0:12:20]} 16. dxe5 {[%emt 0:04:04]} Rxe5 {[%emt 0:00:34]} 17. Bb2 {[%emt 0:00:59]} Rf5 {[%emt 0:05:55]} 18. g4 {[%emt 0:07:11]} Nxg4 {[%emt 0:03:03]} 19. Ne4 {[%emt 0:04:28]} dxe4 {[%emt 0:13:54]} 20. Qxd7 {[%emt 0:09:16]} exf3 {[%emt 0:00:24]} 21. Qd4 {[%emt 0:16:55]} f6 {[%emt 0:02:00]} 22. Rc2 {[%emt 0:04:14]} Rg5 {[%emt 0:03:57]} 23. Kh1 {[%emt 0:00:37]} Bg2+ {[%emt 0:00:11]} 24. Kg1 {[%emt 0:00:06]} Rf8 {[%emt 0:03:54]} 25. h4 {[%emt 0:00:53]} Nxf2 {[%emt 0:17:33]} 26. hxg5 {[%emt 0:03:52]} Nh3+ {[%emt 0:00:17]} 27. Kh2 {[%emt 0:00:06]} Nxg5 {[%emt 0:00:36]} 28. Rxg2 {[%emt 0:00:56]} fxg2 {[%emt 0:00:06]} 29. Kxg2 1-0

[Event "ESTCC U50 2018"]
[Site "Walbrzych"]
[Date "2018.04.16"]
[Round "3"]
[White "Sidler, Samuel"]
[Black "Webster, Jim J"]
[Result "1-0"]
[WhiteElo "1833"]
[BlackElo "1769"]
[Annotator "NA RC"]
[PlyCount "38"]
[EventDate "2018.??.??"]
[EventCountry "POL"]
[SourceTitle "playchess.com"]
[Source "ChessBase"]
[SourceQuality "1"]
[WhiteTeam "Switzerland"]
[BlackTeam "Scotland"]
[WhiteTeamCountry "SUI"]
[BlackTeamCountry "SCO"]
[TimeControl "40/5400+30:1800+30"]

1. e4 {[%emt 0:00:00]} c5 {[%emt 0:00:14]} 2. Nf3 {[%emt 0:00:00]} Nc6 {[%emt 0:00:21]} 3. d4 {[%emt 0:00:00]} cxd4 {[%emt 0:00:06]} 4. c3 {[%emt 0:00:03]} d3 {[%emt 0:00:11]} 5. Bxd3 {[%emt 0:00:18]} g6 {[%emt 0:00:18]} 6. O-O {[%emt 0:00:46]} Bg7 {[%emt 0:00:06]} 7. Qe2 {[%emt 0:00:31]} d6 {[%emt 0:00:40]} 8. h3 {[%emt 0:02:11]} Nf6 {[%emt 0:01:05]} 9. Bf4 {[%emt 0:02:59]} Nd7 {[%emt 0:03:44]} 10. Nbd2 {[%emt 0:02:05]} O-O {[%emt 0:00:18]} 11. Rad1 {[%emt 0:00:34]} Nc5 {[%emt 0:09:41]} 12. Bb1 {[%emt 0:02:24]} Be6 {[%emt 0:03:12]} 13. Nc4 {[%emt 0:13:03]} Qc8 {[%emt 0:06:30]} 14. Nxd6 {[%emt 0:07:34]} exd6 {[%emt 0:01:04]} 15. Bxd6 {[%emt 0:00:13]} Rd8 16. Bxc5 Rxd1 {[%emt 0:01:46]} 17. Rxd1 {[%emt 0:00:47]} Ne5 {[%emt 0:04:13]} 18. Bd4 {[%emt 0:02:09]} Qe8 {[%emt 0:30:44]} 19. Nxe5 Bc8 1-0

[Event "ESTCC U50 2018"]
[Site "Walbrzych"]
[Date "2018.04.16"]
[Round "3"]
[White "Aird, Ian"]
[Black "Germann, Martin"]
[Result "1-0"]
[WhiteElo "1785"]
[BlackElo "1755"]
[Annotator "NA RC"]
[PlyCount "119"]
[EventDate "2018.??.??"]
[EventCountry "POL"]
[SourceTitle "playchess.com"]
[Source "ChessBase"]
[SourceQuality "1"]
[WhiteTeam "Scotland"]
[BlackTeam "Switzerland"]
[WhiteTeamCountry "SCO"]
[BlackTeamCountry "SUI"]
[TimeControl "40/5400+30:1800+30"]

1. c4 {[%emt 0:00:00]} Nf6 {[%emt 0:00:12]} 2. Nf3 {[%emt 0:00:00]} d6 {[%emt 0:00:16]} 3. Nc3 {[%emt 0:00:40]} g6 {[%emt 0:00:16]} 4. d4 {[%emt 0:01:27]} Bg7 {[%emt 0:00:51]} 5. Bf4 {[%emt 0:00:41]} O-O {[%emt 0:00:47]} 6. e3 {[%emt 0:00:28]} Re8 {[%emt 0:06:54]} 7. Be2 {[%emt 0:00:42]} Nbd7 {[%emt 0:06:15]} 8. h3 {[%emt 0:02:13]} b6 {[%emt 0:03:59]} 9. O-O {[%emt 0:04:07]} Bb7 {[%emt 0:00:20]} 10. Bh2 {[%emt 0:03:01]} Rc8 {[%emt 0:07:18]} 11. Qc2 {[%emt 0:03:00]} e5 {[%emt 0:01:26]} 12. Rad1 {[%emt 0:10:43]} e4 {[%emt 0:09:55]} 13. Nd2 {[%emt 0:00:48]} Qe7 {[%emt 0:02:15]} 14. b4 {[%emt 0:03:38]} Ra8 {[%emt 0:07:22]} 15. Nb5 {[%emt 0:05:11]} Nf8 {[%emt 0:10:06]} 16. c5 {[%emt 0:05:09]} Rec8 {[%emt 0:02:53]} 17. a4 {[%emt 0:05:39]} dxc5 {[%emt 0:09:01]} 18. dxc5 {[%emt 0:03:38]} Bd5 {[%emt 0:02:19]} 19. Nc3 {[%emt 0:08:45]} bxc5 {[%emt 0:00:31]} 20. Nxd5 {[%emt 0:01:46]} Nxd5 {[%emt 0:00:18]} 21. Qxe4 {[%emt 0:06:53]} Qxe4 {[%emt 0:02:07]} 22. Nxe4 {[%emt 0:00:16]} Nxb4 {[%emt 0:02:27]} 23. Nxc5 {[%emt 0:01:27]} Na2 {[%emt 0:01:46]} 24. Bf3 {[%emt 0:02:19]} Rab8 {[%emt 0:00:30]} 25. Na6 {[%emt 0:02:22]} Rb2 {[%emt 0:01:35]} 26. Nxc7 {[%emt 0:02:30]} Nc3 {[%emt 0:00:47]} 27. Nd5 {[%emt 0:04:42]} Nxd1 {[%emt 0:03:35]} 28. Ne7+ {[%emt 0:00:11]} Kh8 {[%emt 0:00:10]} 29. Nxc8 {[%emt 0:00:16]} Nc3 {[%emt 0:00:10]} 30. a5 {[%emt 0:02:14]} a6 {[%emt 0:01:10]} 31. Nd6 {[%emt 0:01:53]} Kg8 {[%emt 0:00:40]} 32. Ne4 {[%emt 0:03:14]} Nb5 {[%emt 0:01:20]} 33. Nd6 {[%emt 0:03:48]} Nc3 {[%emt 0:00:28]} 34. g4 {[%emt 0:01:07]} Ra2 {[%emt 0:01:17]} 35. Ne8 {[%emt 0:01:57]} Rxa5 {[%emt 0:02:05]} 36. Rc1 {[%emt 0:00:26]} Nb5 {[%emt 0:00:42]} 37. Nxg7 {[%emt 0:01:54]} Kxg7 {[%emt 0:00:03]} 38. Rc6 {[%emt 0:03:20]} Na7 {[%emt 0:05:14]} 39. Rb6 {[%emt 0:02:00]} Ne6 {[%emt 0:04:42]} 40. Be2 {[%emt 0:00:00]} Nc8 {[%emt 0:04:11]} 41. Rxa6 {[%emt 0:03:25]} Rxa6 {[%emt 0:00:51]} 42. Bxa6 {[%emt 0:00:03]} Ne7 {[%emt 0:00:36]} 43. Bc4 {[%emt 0:01:14]} Ng5 {[%emt 0:06:54]} 44. Kg2 {[%emt 0:00:52]} f6 {[%emt 0:02:32]} 45. Bd6 {[%emt 0:02:51]} Ng8 {[%emt 0:00:55]} 46. f3 {[%emt 0:00:49]} Nf7 {[%emt 0:00:13]} 47. Bc7 {[%emt 0:00:46]} Ne7 {[%emt 0:01:11]} 48. f4 {[%emt 0:05:01]} Ng8 {[%emt 0:00:58]} 49. Kf3 {[%emt 0:01:26]} Ne7 {[%emt 0:01:10]} 50. e4 {[%emt 0:01:31]} h6 {[%emt 0:01:09]} 51. Ke3 {[%emt 0:05:03]} Ng8 {[%emt 0:01:19]} 52. Kd4 {[%emt 0:00:32]} Ne7 {[%emt 0:00:46]} 53. Bd5 {[%emt 0:02:18]} Kf8 {[%emt 0:01:40]} 54. Kc5 {[%emt 0:02:24]} Kg7 {[%emt 0:01:40]} 55. Be6 {[%emt 0:03:32]} Kf8 {[%emt 0:01:12]} 56. Bd6 {[%emt 0:04:49]} Ke8 {[%emt 0:01:05]} 57. Bxe7 {[%emt 0:01:02]} Kxe7 {[%emt 0:00:03]} 58. Bxf7 {[%emt 0:00:27]} Kxf7 {[%emt 0:00:02]} 59. Kd6 {[%emt 0:00:12]} g5 {[%emt 0:05:53]} 60. f5 {[%emt 0:01:49]} 1-0